| 000 | 00629nam a22001937a 4500 | ||
|---|---|---|---|
| 005 | 20170615140450.0 | ||
| 010 | _aENG-118593 | ||
| 020 |
_a9788120353039 _c550.00 |
||
| 035 | _aEN-102125 | ||
| 037 | _bDABD/PUB | ||
| 082 | _a610.28 | ||
| 100 | _aKhandpur, R. S. | ||
| 245 |
_aTelemedicine : _cby R. S. Khandpur _bTechnology and Applications (mhealth, telehealth and ehealth) |
||
| 260 |
_aDelhi _bPHI Learning _c2017 |
||
| 270 |
_a111, Patparganj Industrial Estate _bDelhi _e110092 |
||
| 300 |
_axii,499p.: _c24cm(pbk) _bill |
||
| 500 | _aIncludes references and index | ||
| 942 |
_2ddc _cEN _h610.28 _mKHA |
||
| 999 |
_c140946 _d140946 |
||